| 000 | 00569nam a22001937a 4500 | ||
|---|---|---|---|
| 003 | OSt | ||
| 005 | 20160203195204.0 | ||
| 007 | 007825129x | ||
| 008 | 160201b xxu||||| |||| 00| 0 eng d | ||
| 020 | _a007825129x | ||
| 082 |
_22002 _aDK12 425.07 _bG745 |
||
| 245 |
_aGrammar and composition handbook: _b Grade 6. |
||
| 260 |
_aNew York, New York: _bMcGraw-Hill/Glencoe _cc2002. |
||
| 300 |
_aiv. 55 pages: _billustration; _c 24 cm. |
||
| 500 | _aIncludes index. | ||
| 521 | _aGrade 6 | ||
| 650 | 0 |
_92382 _aEnglish language _xGrammar _xStudy and teaching |
|
| 942 |
_2ddc _cBK |
||
| 999 |
_c864 _d864 |
||